Bài toán vị trí với hàm trung vị có thứ tự : Luận văn tốt nghiệp Cao học. Chuyên ngành Toán giải tích

Luận văn cung cấp cho người đọc kiến thức cơ bản về hàm trung vị có thứ tự, ứng dụng của hàm trung vị có thứ tự vào bài toán vị trí trên cây và trên đồ thị xương rồng. Thông qua luận văn này chúng tôi mong muốn cung cấp cho người đọc...

Full beskrivning

Sparad:
Bibliografiska uppgifter
Huvudupphovsman: Nguyễn, Bá Thoại
Materialtyp: Bok
Språk:Undetermined
Publicerad: Cần Thơ Trường Đại học Cần Thơ 2020
Ämnen:
Taggar: Lägg till en tagg
Inga taggar, Lägg till första taggen!
Thư viện lưu trữ: Trung tâm Học liệu Trường Đại học Cần Thơ
LEADER 01599nam a2200229Ia 4500
001 CTU_239595
008 210402s9999 xx 000 0 und d
082 |a 515 
082 |b Th404 
088 |a 8460102 
100 |a Nguyễn, Bá Thoại 
245 0 |a Bài toán vị trí với hàm trung vị có thứ tự : 
245 0 |b Luận văn tốt nghiệp Cao học. Chuyên ngành Toán giải tích 
245 0 |c Nguyễn Bá Thoại ; Nguyễn Trung Kiên (Cán bộ hướng dẫn) 
260 |a Cần Thơ 
260 |b Trường Đại học Cần Thơ 
260 |c 2020 
520 |a Luận văn cung cấp cho người đọc kiến thức cơ bản về hàm trung vị có thứ tự, ứng dụng của hàm trung vị có thứ tự vào bài toán vị trí trên cây và trên đồ thị xương rồng. Thông qua luận văn này chúng tôi mong muốn cung cấp cho người đọc những kiến thức cơ bản của lí thuyết vị trí bao gồm vấn đề về lịch sử và phân loại đồng thời kết hợp hàm trung vị có thứ tự vào việc giải bài toán thực tế, bổ sung và làm giàu kiến thức của bản thân, tạo tiền đề tốt cho việc học tập và nghiên cứu sau này. 
650 |a Toán giải tích,Mathematical analysis 
904 |i Hải 
910 |c tvtrong 
980 |a Trung tâm Học liệu Trường Đại học Cần Thơ